000 00305nam a2200121Ia 4500
008 230411s9999 xx 000 0 und d
041 _aeng
082 _aS/610.73677/PAI/B00508
100 _aPai R
_9176620
245 _aPai's Surgery for Undergraduates
260 _bGeneral
999 _c151977
_d151977